Katherine Howard - Statistics

General Stats
  • This quiz has been taken 19 times
  • The average score is 8 of 19
Answer Stats
Question Answer % Correct
Katherine often quarrelled with which of her stepdaughters? Mary I
94%
Katherine first entered the Court in the service of who? Anne of Cleves
81%
How were Katherine Howard and Jane Seymour related? Second Cousins
69%
Who did Katherine commit adultery with after becoming Queen? Thomas Culpeper
63%
How were Katherine Howard and Anne Boleyn related? First Cousins
56%
What was Henry VIII fond of calling Katherine? Rose Without a Thorn
56%
As a child, Katherine was taken advantage of by two men in the Duchess's household. Who were they? Henry Mannox
50%
Francis Dereham
44%
Katherine was approximately how old when she died? Nineteen
44%
Who assisted Katherine's infidelity to Henry? Jane Boleyn
38%
In whose household did Katherine grow up? Dowager Duchess of Norfolk
31%
Where was Katherine held after her arrest? Syon ABbey
31%
Katherine's ghost supposedly haunts what palace? Hampton Court
25%
How long were Katherine and Henry married for? Eighteen months
19%
The night before her execution, Katherine practised what? Laying her head on the block
19%
Katherine was condemned by a what? Act of Attainder
13%
What was Katherine's motto as Queen? No Other Will Than His
13%
Very Jewel of Womanhood
6%
According to legend what were Katherine's last words? I die a Queen, but I would rather die the wife of Thomas Culpeper
0%
No matching quizzes found
Score Distribution
Percent of People with Each Score
Percentile by Number Answered
Your Score History
You have not taken this quiz